00539 2200181 4500245008500000020002200085250001100107100001600118700002300134650002100157650001000178005001900188260009900207041001400306084000800320300002000328336000900348 aMengintip Tanah Wetu Telu dari Sebalik Sisa Renruntuhan GempacMutia SukmahText a978-602-437-915-5 aCet. 1 aMutia Sukma aArie Andrasyah Isa aSastra Indonesia aEbook a20241029141435 aJakartabBadan Pengembangan Bahasa dan Perbukuan, Kementerian Pendidikan dan Kebudayaan,c2019 aIndonesia a813 axii :c105 hlm. atext